I nosaltres que? : el que els usuaris pensen dels elements urbans el que els usuaris pensen dels elements urbans
Descripción Física:
27 f. ; 30 cm
Colección:
Documents de medi ambient
MARC
| LEADER | 00000nam a2200000Ia 4500 | ||
|---|---|---|---|
| 001 | 24303 | ||
| 008 | 160829s1994 xx 000 0 cat d | ||
| 080 | |a FU-65-14 | ||
| 100 | |a Madrid, Carme de la |9 49873 | ||
| 245 | |a I nosaltres que? : |b el que els usuaris pensen dels elements urbans | ||
| 260 | |a [Barcelona] : |b Diputació de Barcelona. Servei del Medi Ambient, |c 1994 | ||
| 300 | |a 27 f. ; |c 30 cm | ||
| 490 | |a Documents de medi ambient | ||
| 590 | |a A la portada: Núm. 013; àmbit: disseny i medi ambient | ||
| 650 | |a Mobiliari urbà |x Disseny |x Barcelona (província) |x Exposicions |9 49874 | ||
| 700 | 1 | |a Pol, Enric |9 49875 | |
| 700 | |a Vidal i Moranta, Tomeu |9 49876 | ||
| 710 | 1 | |a Barcelona (Catalunya : Província). |b Servei de Medi Ambient |9 53475 | |
| 901 | |a Arxiu | ||
| 942 | |n 1 | ||
| 952 | |0 0 |1 0 |4 0 |6 FU6514 |7 1 |9 55650 |a Arxiu |b Arxiu |d 2016-12-01 |l 0 |o FU-65-14 |p 24303 |r 2016-12-01 00:00:00 |w 2016-12-01 |y ARXIU | ||
| 999 | |c 59523 |d 59523 | ||